Español 2 : (Registro nro. 9715)

Detalles MARC
000 -LIDER
fixed length control field 01651nam a2200313 a 4500
001 - NÚMERO DE CONTROL
Identificador de número de control 00003848
003 - IDENTIFICACDOR DE NÚMERO DE CONTROL
control field DO-SdBNP
005 - DATE AND TIME OF LATEST TRANSACTION
control field 20180312101303.0
007 - CAMPOS FIJOS DE DESCRIPCIÓN FÍSICA
fixed length control field 00003848
008 - ELEMENTOS DE LONGITUD FIJA
fixed length control field 091117s2004 dr ac 000 0 spa d
020 ## - ISBN
International Standard Book Number 9993498254
040 ## - FUENTE DE CATALOGACIÓN
Agencia que crea de manera original el registro BNPHU
Idioma de catalogación spa
Agencia que realiza la transcripción BNPHU
092 ## - LOCALLY ASSIGNED DEWEY DECIMAL CALL NUMBER
Número de clasificación xxxx
Número de ítem (Cutter) E77
100 1# - ASIENTO PRINCIPAL -- NOMBRE PERSONAL
Nombre personal Incháustegui, María Isabel
245 00 - MENCIÓN DE TITULO
Título Español 2 :
Subtítulo educación básica /
Mención de responsabilidad María Isabel Incháustegui ; dirección editorial Obdulia García de Escobar ; ilustraciones Ruddy Núñez.
260 ## - PUBLICACIÓN, DISTRIBUCIÓN, ETC. (PIE DE IMPRENTA)
Lugar de publicación, distribución, etc Santo Domingo :
Nombre del editor, distribuidor, etc. Santillana,
Fecha de publicación, distribución, etc 2004.
300 ## - DESCRIPCIÓN FÍSICA
Extensión 176 p. :
Otros detalles físicos il., retrs. ;
Dimensiones 28 cm.
490 1# - MENCIÓN DE SERIES
Mención de serie Ámbar
500 ## - NOTA GENERAL
Nota general Cada volumen esta compuesto, por una guía didáctica, cuaderno de español y ortografía.
500 ## - NOTA GENERAL
Nota general La biblioteca solamente posee, las guías de los volumenes 1, 3, 7, y el cuaderno de trabajo del v. 7
505 0# - NOTA DE CONTENIDO
Información miscelánea v. 2 :
-- unidad 1 --
Título Niñas y niños --
Información miscelánea unidad 2 --
Título Un día de excursión --
Información miscelánea unidad 3 --
Título El sueño de Alfredo --
Información miscelánea unidad 4 --
Título Nos mudamos --
Información miscelánea unidad 5 --
Título Un lío en la calle --
Información miscelánea unidad 6 --
Título Llegó la navidad --
Información miscelánea unidad 7 --
Título El paletero del barrio --
Información miscelánea unidad 8 --
Título Vamos a Samaná --
Información miscelánea unidad 9 --
Título ¡A divertirse! --
Información miscelánea unidad 10 --
Título Muchos oficios --
Información miscelánea unidad 11 --
Título ¿Qué vas a comprar? --
Información miscelánea unidad 12 --
Título La avenida del Puerto --
Información miscelánea unidad 13 --
Título En el fondo del mar --
Información miscelánea unidad 14 --
Título El campo y la ciudad --
700 1# - ASIENTO SECUNDARIO -- NOMBRE PERSONAL
Nombre personal García Cartagena, Manuel
700 1# - ASIENTO SECUNDARIO -- NOMBRE PERSONAL
Nombre personal García de Escobar, Obdulia,
Mención de responsabilidad ed.
700 1# - ASIENTO SECUNDARIO -- NOMBRE PERSONAL
Nombre personal Núñez, Ruddy,
Mención de responsabilidad il.
830 #0 - ASIENTO SECUNDARIO DE SERIE--TÍTULO UNIFORME
Título uniforme Ámbar
942 ## - ADDED ENTRY ELEMENTS (KOHA)
Source of classification or shelving scheme Dewey Decimal Classification
Koha item type Libros
945 ## - INFORMACIÓN DE PROCESAMIENTO LOCAL
Información de procesamiento local Remanejado para la BNPHU / 2018 VM
956 ## - LOCAL ELECTRONIC LOCATION AND ACCESS (OCLC)
Nombre de host LOPEREZ
Número de acceso 10
Información de compresión 20160412
Inicio de sesión BPMSU
Procesador de solicitud 00151
Existencias
Withdrawn status Lost status Source of classification or shelving scheme Damaged status Not for loan Collection code Home library Current library Date acquired Source of acquisition Total Checkouts Barcode Date last seen Price effective from Koha item type
    Dewey Decimal Classification     Colección Escolar Biblioteca Pública Metropolitana Salomé Ureña Biblioteca Pública Metropolitana Salomé Ureña 04/12/2016 Donación   BPMSU16040362 04/12/2016 04/12/2016 Libros